LEADER 01192nam a2200289 i 4500 001 000000159258 003 CaOOAMICUS 005 20190715161041.0 008 070221s1977 it u000 u ita u 013 $a136621 040 $aSeMil$bita 100 1 $aZosimus.$0(OLS)http://semarc/name/41730 245 10$aStoria nuova /$cZosimo ; a cura di Fabrizio Conca. 260 $aMilano :$bRusconi,$c1977. 300 $a364 p., [11] p. di tav. :$bill. ;$c22 cm 490 0 $aI classici di storia. Sezione greco-romana ;$v30 500 $aFondo Card. Giovanni Colombo. 650 4$aImpero romano <27 a.C.-395> - Storia - Sec. 1 a.C.- 5 d.C.$0(OLS)http://semarc/subject/9151 700 1 $aConca, Fabrizio,$d<1944- >.$0(OLS)http://semarc/name/18813 830 2$aI classici di storia. Sezione greco-romana ;$v30.$0(OLS)http://semarc/title/14169 850 $aSeMil 852 $aSeMil$W1$xVenegono$y1$m1O III 123$j110816$B110816$CSeMilBibl$Z2$F120415 $81 941 1 $a3 961 $aLascito: Colombo Card. Giovanni 996 $6245$aStoria nuova$9(OLS)http://semarc/title/141134 996 $6260$aMilano :$bRusconi$9(OLS)http://semarc/publisher/30258 LEADER 01333nam a2200229 i 4500 001 000000190956 003 CaOOAMICUS 005 20100709000000.0 008 100709s1905 it u000 u ita u 013 $a169430 040 $aSeMil$bita 100 1 $aProfumo, Attilio.$0(OLS)http://semarc/name/54324 245 13$aLe fonti ed i tempi dello Incendio Neroniano :$b1. L'autore dell'incendio. 2. La persecuzione cristiana. 3. Analisi critica dell'incendio. 4. Appunti critici sulla documentazione. 5. Un pò di epilogo generale /$cAttilio Profumo. 260 $aRoma :$bForzani e C.,$c1905. 300 $aX, 748 p., [3] p. di tav. :$bill. ;$c32 cm. 500 $aIn testa al front : Dedica autografa dell'autore al Card. Ferrari. 600 04$aNerone .$0(OLS)http://semarc/subject/17175 650 4$aRoma antica - Storia - Sec. 1.$0(OLS)http://semarc/subject/58034 850 $aSeMil 852 $aSeMil$W1$xVenegono$y1$m3G VI 30$j141570$B141570$CSeMilBibl$Z2$F153130 $81 996 $6245$aLe fonti ed i tempi dello Incendio Neroniano :$b1. L'autore dell'incendio. 2. La persecuzione cristiana. 3. Analisi critica dell'incendio. 4. Appunti critici sulla documentazione. 5. Un pò di epilogo generale$9(OLS)http://semarc/title/275159 996 $6260$aRoma :$bForzani e C.$9(OLS)http://semarc/publisher/35375